|
|
|
|
| LEADER |
00000nam0a2200000 4500 |
| 001 |
16646 |
| 005 |
20231030190607.0 |
| 035 |
|
|
|a (RuTPU)RU\TPU\book\16774
|
| 035 |
|
|
|a BOOK00000002
|
| 090 |
|
|
|a 16646
|
| 100 |
|
|
|a 20011209d1979 m y0rusy50 ca
|
| 101 |
0 |
|
|a rus
|
| 102 |
|
|
|a RU
|
| 105 |
|
|
|a a z 000ay
|
| 200 |
1 |
|
|a Русь богатырская
|e Былинные сказания
|f В. А. Старостин
|
| 210 |
|
|
|a Москва
|c Молодая гвардия
|d 1979
|
| 215 |
|
|
|a 302 с.
|c ил.
|
| 610 |
1 |
|
|a история
|
| 610 |
1 |
|
|a русский фольклор
|
| 610 |
1 |
|
|a древнерусская литература
|
| 610 |
1 |
|
|a былины
|
| 610 |
1 |
|
|a сказания
|
| 610 |
1 |
|
|a народное творчество
|
| 610 |
1 |
|
|a Россия
|
| 675 |
|
|
|a 811
|v 3
|
| 700 |
|
1 |
|a Старостин
|b В. А.
|g Василий Андрианович
|
| 801 |
|
0 |
|a RU
|b 63413507
|c 20011209
|g PSBO
|
| 801 |
|
2 |
|a RU
|b 63413507
|c 20101124
|g PSBO
|
| 942 |
|
|
|c BK
|